000 00263nam a2200109Ia 4500
008 200302s9999 xx 000 0 und d
100 _aWilliam J. R. Curtis
245 _aModern Architecture Since 1900
260 _bPhaidon Press
260 _c1996
300 _a736 P
999 _c4376
_d4376